| 000 | 00337cam a22001217a 4500 | ||
|---|---|---|---|
| 008 | 180718b1989 xxu||||| |||| 00| 0 eng d | ||
| 082 | _aA6x5407 Az37 | ||
| 100 | _aAziz, K.K. | ||
| 245 |
_aBritish imperialism in India _cby K.K. Aziz |
||
| 260 |
_aNew Delhi _bAtlantic Pub. _c1989 |
||
| 300 | _a365p. | ||
| 650 | _aIndia - History - 1870-1947 | ||
| 999 |
_c377338 _d377338 |
||